000 00620nam a2200217Ia 4500
999 _c29272
_d29272
003 GCL
005 20240530102009.0
008 140319s9999 xx 000 0 ara d
040 _aGCL /
_cGCL
082 0 4 _a296.38
_bق د
100 1 _aقدرى حفنى
245 1 0 _aدراسة فى الشخصية الاسرائيلية :
_bالاشكنازيم /
_cقدرى حفنى
260 _a[S.N] :
_bمكتبة مدبولى ،
_c1993
300 _a368 ص
650 0 4 _aالمجتمع
650 0 4 _aاسرائيل
650 0 4 _aالصهيونية
650 0 4 _aالجيش
650 0 4 _aالجنود
942 _2ddc
_cBK